[Event "6th Sinquefield Cup GCT 2018"]
[Site "Saint Louis"]
[Date "2018.08.18"]
[Round "1"]
[White "Caruana, Fabiano"]
[Black "Grischuk, Alexander"]
[Result "1/2-1/2"]
[WhiteElo "2822"]
[BlackElo "2766"]
[Annotator "TA"]
[PlyCount "133"]
[EventDate "2018.08.18"]
[EventType "tourn"]
[EventCountry "USA"]
[SourceTitle "playchess.com"]
[Source "ChessBase"]
[SourceQuality "1"]

{[%evp 21,133,37,45,40,48,31,37,16,43,35,37,14,27,27,24,27,28,20,14,18,20,0,3,-23,-26,-47,-37,-36,-33,-30,-34,-45,-41,-62,-49,-62,-36,-21,-17,-18,0,0,0,0,53,53,53,64,51,51,36,22,70,90,72,62,117,77,175,193,198,204,189,158,308,206,206,193,162,102,56,81,72,76,72,103,102,76,95,76,75,4,60,54,102,62,62,10,1,0,0,0,0,0,0,0,0,0,0,0,0,-25,0,0,0,0,0,0,0,0,0,0,0,0]} 1. e4 e5 2. Nf3 Nc6 3. Bc4 Nf6 4. d3 Be7 5. O-O O-O 6. Re1 d6 7. a4 Kh8 8. Nc3 {C55: Two Knights: 4 d3, 4 d4 exd4 5 e5 and Max Lange Attack} Ng8 9. Nd5 f5 10. h3 fxe4 (10... Nf6 11. Ng5 Nxd5 12. Nxh7 Nf6 13. Nxf6 g6 14. Nd5 f4 15. c3 Kg7 {½-½ (34) Kryvoruchko,Y (2703)-Maghsoodloo,P (2615) Sharjah 2018}) 11. dxe4 Nf6 {LiveBook: 6 Games} 12. a5 a6 13. Ra3 Be6 $146 ({Predecessor:} 13... Nxd5 14. exd5 Nb8 15. Bd3 Nd7 {1-0 (35) Howell,D (2593)-Pavlidis,A (2322) Vung Tau 2008}) 14. Nxf6 Bxc4 15. Nd5 Bb5 16. Be3 Qd7 17. Nd2 Nd8 {[%cal Bc6d8,Bd8e6,Be6d4,Bd4f3][%mdl 32]} 18. c4 Bc6 19. Qg4 Ne6 20. b4 Rae8 21. Nf3 Bd8 22. h4 h6 23. h5 Nd4 24. Qxd7 Nxf3+ 25. gxf3 Bxd7 26. Kg2 Rf7 27. Rh1 Ref8 28. Bc1 c6 29. Nb6 Be6 {...Bxb6 is the strong threat.} 30. Rd1 Bxb6 31. axb6 Rf6 32. Rad3 Bxc4 (32... Rd8 $11) 33. Rxd6 $14 Rxf3 34. Be3 R3f7 {[#] And now ...Be2 would win.} 35. R1d2 Kh7 36. Rd7 Rxd7 37. Rxd7 $11 {[%mdl 4096] Endgame KRB-KRB} Rf7 {[#]} 38. Rc7 $1 Be6 ({Better is} 38... g6 $14) 39. Bd2 $16 g6 (39... Kg8 $16) 40. Bc3 $18 g5 ({Weaker is} 40... gxh5 41. Bxe5 Kg8 42. f4 $14) 41. Bxe5 Kg8 42. f3 Bb3 (42... Rxc7 $16 43. bxc7 c5) 43. Kf2 Be6 44. Ke3 Kf8 45. f4 (45. Bd4 $18) 45... gxf4+ $16 46. Bxf4 Ke8 47. Bxh6 {Threatens to win with Bg5.} Bg4 48. Bf4 {aiming for h6.} Bxh5 49. Rc8+ Kd7 50. Rh8 Bg4 51. Bc7 (51. Rg8 $16 Bh5 52. Ra8) 51... Rf3+ (51... c5 $1 $11) 52. Kd4 $14 Rh3 53. Rb8 (53. Rg8 {with more complications.} Be2 54. e5 Ke6 55. Rg6+ Kf7 56. Rf6+) 53... c5+ 54. bxc5 (54. Kxc5 $14 Ke6 55. Bd6 (55. Rxb7 Be2 $11) 55... Rc3+ 56. Kd4) 54... Kc6 $11 55. Bd6 Bd7 56. Ke5 Rh6 57. Rg8 a5 58. Kf4 a4 59. Ra8 Rh4+ 60. Ke3 Kb5 61. e5 Bc6 62. Kd3 {The position is equal.} Rh3+ 63. Kd2 Rh2+ 64. Kd3 Rh3+ 65. Kd2 Rh2+ 66. Kd3 Rh3+ 67. Kd2 {Precision: White = 52%, Black = 65%.} 1/2-1/2

[Event "6th Sinquefield Cup GCT 2018"]
[Site "Saint Louis"]
[Date "2018.08.18"]
[Round "1"]
[White "Mamedyarov, Shakhriyar"]
[Black "So, Wesley"]
[Result "1-0"]
[WhiteElo "2801"]
[BlackElo "2780"]
[Annotator "TA"]
[PlyCount "101"]
[EventDate "2018.08.18"]
[EventType "tourn"]
[EventCountry "USA"]
[SourceTitle "playchess.com"]
[Source "ChessBase"]
[SourceQuality "1"]

{[%evp 11,101,7,10,11,12,1,26,20,25,23,32,18,34,37,45,-10,23,33,81,76,79,59,81,78,94,57,85,75,117,126,145,137,139,157,150,140,139,146,138,74,63,0,141,136,150,145,156,151,165,141,130,109,181,137,70,37,38,8,8,5,5,6,552,552,29963,29964,29977,29976,29976,29977,29977,0,4618,0,29977,29978,29975,29974,29974,29975,29975,29976,29976,29974,29980,29981,29981,29982,29982,29983,29991,29992]} 1. d4 Nf6 2. c4 e6 3. Nf3 d5 4. Bg5 Be7 5. e3 O-O 6. Qc2 {D30: Queen's Gambit Declined: Systems without Nc3} h6 {LiveBook: 3 Games} 7. Bxf6 Bxf6 8. h4 {[%cal Bh2h4,Bh4h5][%mdl 32] The position is equal.} g6 9. Nc3 c5 $146 ({Predecessor:} 9... c6 10. O-O-O Nd7 11. Kb1 Bg7 12. Bd3 a6 13. cxd5 cxd5 14. e4 dxe4 15. Bxe4 Qb6 16. g4 Rd8 17. Na4 Qa5 18. g5 h5 {0-1 (58) Jakovenko,D (2738)-Bacrot,E (2704) Montpellier 2015}) 10. dxc5 dxc4 11. h5 {Hoping for Rd1.} g5 12. Bxc4 Qa5 13. Rc1 (13. Nd2 $14) 13... Nd7 14. O-O $36 {[%mdl 2048] Black is under pressure.} Bxc3 15. Qxc3 Qxc3 16. Rxc3 Nxc5 17. Ne5 b6 18. f4 Ne4 19. Rd3 $1 Ng3 20. Rf3 $1 {[%cal Rf3g3]} Ne4 21. Rd4 $1 Bb7 22. f5 $1 {[%cal Rf5e6]} Nf6 23. Rf1 ({Much weaker is} 23. fxe6 Bxf3 24. exf7+ Kg7 $11) 23... Rae8 24. fxe6 fxe6 25. Ng6 (25. Rd6 $142) 25... Rf7 $16 26. Ne5 (26. Bb5 $1 $14 Rc8 27. Ne7+ Rxe7 28. Rxf6) 26... Rff8 27. Rd6 {aiming for Ng6.} Bd5 28. Rxf6 $1 Rxf6 29. Bxd5 exd5 30. Rxf6 Rxe5 31. Rxh6 Rxe3 {[%mdl 4096] Endgame KR-KR} (31... g4 $16 {is a better defense.}) 32. Rg6+ Kh7 (32... Kh8 $16) 33. Rxg5 (33. Kf2 $5 {[%cal Rf2e3]} Re8 34. Rxg5 $16) 33... Re2 $1 34. Rxd5 {Threatens to win with Rb5.} Rxb2 35. Kh2 Rxa2 36. Kh3 {Black should prevent g4.} a5 $2 {[%mdl 8192]} (36... Kh6 $11) 37. g4 $18 {[%cal Bg2g4,Bg4g5,Bg5g6][%mdl 32]} a4 38. g5 $1 {[%cal Rg5g6]} a3 39. Rd7+ Kg8 40. Rd8+ Kh7 {[#]} 41. Rd7+ (41. g6+ $142 $1 Kh6 42. Rd7 Rc2 43. Rh7+ Kg5 44. g7 Rc3+ 45. Kg2 Rc2+ 46. Kf3 Rc3+ 47. Ke2) 41... Kg8 42. Rd8+ (42. h6 $18 Rc2 43. g6 Rc3+ 44. Kg4 Rc4+ 45. Kf5 Rc5+ 46. Kf4 Rc4+ 47. Ke5 Rc5+ 48. Kd6) 42... Kh7 $1 {[#]} 43. g6+ $1 {White mates.} Kh6 44. Rh8+ Kg7 45. Rh7+ Kg8 46. Ra7 Ra1 47. Kg2 Rc1 48. h6 ({Weaker is} 48. Rxa3 Rc5 $18) 48... Rc8 49. Rxa3 b5 50. Ra7 Rb8 51. Kg3 {Precision: White = 66%, Black = 49%.} 1-0

[Event "6th Sinquefield Cup GCT 2018"]
[Site "Saint Louis"]
[Date "2018.08.18"]
[Round "1"]
[White "Vachier-Lagrave, Maxime"]
[Black "Carlsen, Magnus"]
[Result "1/2-1/2"]
[WhiteElo "2779"]
[BlackElo "2842"]
[Annotator "TA"]
[PlyCount "74"]
[EventDate "2018.08.18"]
[EventType "tourn"]
[EventCountry "USA"]
[SourceTitle "playchess.com"]
[Source "ChessBase"]
[SourceQuality "1"]

{[%evp 9,74,34,29,28,24,33,45,45,45,43,45,50,47,47,45,45,51,49,45,49,49,26,26,11,6,0,0,0,0,0,0,0,0,-29,-29,-51,-29,-61,-40,-40,-40,-43,-43,-44,-22,-22,-14,-22,-22,-22,-14,-22,0,0,0,0,0,0,0,0,0,0,0,0,0,0,0]} 1. e4 c5 2. Nf3 {[%cal Bg1f3,Bf3h2,Bh2f1,Bf1e3][%mdl 32]} Nc6 3. Nc3 e5 4. Bc4 g6 {[%cal Bg7g6,Bg6g5][%mdl 32]} (4... Be7 5. d3 Nf6 6. Ng5 O-O 7. f4 exf4 8. Bxf4 d5 9. exd5 Nd4 10. Nge4 b5 11. d6 Nxe4 12. dxe7 Qxe7 13. Nxe4 bxc4 14. O-O cxd3 15. cxd3 {½-½ (23) Navara,D (2745)-Radjabov,T (2748) Shamkir 2018}) 5. h4 {[%cal Bh2h4,Bh4h5][%mdl 32]} h6 6. h5 {Strongly threatening hxg6. B30: Sicilian: 2...Nc6 3 Bb5, lines without ...g6} g5 $1 7. Nh2 $146 ({Predecessor:} 7. d3 Bg7 8. a3 d6 9. Nd2 Nf6 10. f3 Be6 11. Nf1 Ne7 12. Bxe6 fxe6 {0-1 (31) Gulamali,K (2356)-Marosi,L (2222) Budapest 2015}) 7... Nf6 8. d3 {White is slightly better.} d6 9. Nf1 Bg4 10. f3 Be6 11. Ne3 Bg7 12. Ncd5 O-O 13. c3 Rb8 14. a4 a6 15. g4 b5 16. axb5 axb5 17. Bb3 Ne7 18. Nxe7+ Qxe7 19. O-O Qb7 20. Bxe6 fxe6 21. c4 b4 22. b3 Nd7 {[%cal Bf6d7,Bd7b8,Bb8c6][%mdl 32]} 23. Qe2 Rbd8 24. Nc2 Nb8 25. Be3 Nc6 26. Kg2 Rf7 27. Ra4 {The position is equal.} Rdf8 28. Bg1 Bf6 29. Rfa1 Bd8 30. Ra8 Rxf3 (30... Kg7 {is interesting.} 31. Ne1 Bb6 32. Rxf8 Rxf8 33. Qa2 Na5) 31. Qxf3 Rxf3 32. Kxf3 Kg7 33. Ke2 Bb6 34. R8a6 Kf7 35. Ra8 Kg7 36. R8a6 Kf7 37. Ra8 Kg7 {Precision: White = 73%, Black = 75%.} 1/2-1/2

[Event "6th Sinquefield Cup GCT 2018"]
[Site "Saint Louis"]
[Date "2018.08.18"]
[Round "1"]
[White "Nakamura, Hikaru"]
[Black "Anand, Viswanathan"]
[Result "1/2-1/2"]
[WhiteElo "2777"]
[BlackElo "2768"]
[Annotator "TA"]
[PlyCount "57"]
[EventDate "2018.08.18"]
[EventType "tourn"]
[EventCountry "USA"]
[SourceTitle "playchess.com"]
[Source "ChessBase"]
[SourceQuality "1"]

{[%evp 25,57,18,12,9,15,3,14,20,35,16,31,18,40,0,0,0,0,0,0,0,0,0,0,-12,0,0,0,0,0,0,0,0,0,0]} 1. d4 Nf6 2. c4 e6 3. Nf3 d5 4. Nc3 Be7 5. Bf4 O-O 6. e3 c5 7. dxc5 Bxc5 8. cxd5 Nxd5 9. Nxd5 exd5 10. a3 Nc6 11. Bd3 Bb6 12. O-O Bg4 13. h3 {D37: Queen's Gambit Declined: 5 Bf4} Bh5 {[#] LiveBook: 103 Games} 14. Bb5 $146 ({Predecessor:} 14. b4 a6 15. Rb1 d4 16. b5 axb5 17. Rxb5 Bxf3 18. Qb1 Bc7 19. Bxh7+ Kh8 20. gxf3 Bxf4 21. exf4 Ne7 22. Rh5 Ra5 23. Bf5+ Kg8 24. Bh7+ Kh8 25. Bf5+ Kg8 26. Bh7+ {½-½ (26) Inarkiev,E (2727)-Nakamura,H (2786) Moscow 2017}) 14... Rc8 15. Rc1 h6 16. b4 Re8 17. Bd3 Bxf3 18. Qxf3 Ne5 19. Qe2 (19. Bxe5 {is more complex.} Rxe5 20. Qf4 Rxc1 21. Rxc1 Re7 22. Rd1) 19... Rxc1 {The position is equal.} 20. Rxc1 Nxd3 21. Qxd3 d4 22. exd4 Bxd4 23. Qd2 Qf6 24. Bg3 Rd8 {And now ...Bb2 would win.} 25. Qe2 Qg5 26. Rd1 Qxg3 {[#]} 27. Rxd4 $1 {[%mdl 512]} Qc7 (27... Rxd4 28. fxg3) 28. Rxd8+ Qxd8 29. g3 {Precision: White = 66%, Black = 68%.} 1/2-1/2

[Event "6th Sinquefield Cup GCT 2018"]
[Site "Saint Louis"]
[Date "2018.08.18"]
[Round "1"]
[White "Aronian, Levon"]
[Black "Karjakin, Sergey"]
[Result "1-0"]
[WhiteElo "2767"]
[BlackElo "2773"]
[Annotator "TA"]
[PlyCount "137"]
[EventDate "2018.08.18"]
[EventType "tourn"]
[EventCountry "USA"]
[SourceTitle "playchess.com"]
[Source "ChessBase"]
[SourceQuality "1"]

{[%evp 25,137,4,7,0,0,17,14,14,22,21,21,20,20,18,18,0,0,0,25,16,12,0,7,0,0,0,18,13,27,7,41,43,33,35,39,37,46,45,55,58,58,53,57,4,66,66,66,66,54,54,98,54,95,75,108,102,153,135,220,221,211,150,154,150,150,141,178,161,211,207,271,271,271,271,303,277,279,208,438,352,1093,1109,683,608,5128,5054,4297,4616,4442,3980,5631,3180,6295,2259,12833,2298,12837,11702,12837,12838,12838,12839,12839,12839,12840,12839,12840,12840,12841,12841,12841,12842,12842,12842]} 1. e4 e5 2. Nf3 Nc6 3. Bb5 Nf6 4. O-O Nxe4 5. d4 Nd6 6. Bxc6 dxc6 7. dxe5 Nf5 8. Qxd8+ Kxd8 9. Nc3 Ke8 10. h3 h5 {C67: Ruy Lopez: Berlin Defence: 4 0-0 Nxe4} 11. Bg5 (11. Bf4 Be7 12. Rad1 Be6 13. Ng5 Rh6 14. Rfe1 Bb4 15. a3 Bxc3 16. bxc3 Rd8 17. Rxd8+ Kxd8 18. g4 hxg4 19. hxg4 {½-½ (37) Vachier Lagrave,M (2779)-Karjakin,S (2773) Saint Louis 2018}) 11... Be6 12. Rfd1 Be7 13. Rd2 Rd8 {LiveBook: 8 Games. And now ...Bxg5 would win.} 14. Rxd8+ Kxd8 15. Rd1+ Ke8 16. b3 h4 17. Bc1 a5 $146 ({Predecessor:} 17... b6 18. Ne2 {½-½ (56) Sjugirov,S (2647)-Georgescu,T (2492) Iasi 2014}) 18. Ne2 Bd5 19. Ne1 Be6 20. Nf4 Bc8 21. Nf3 Rh6 22. Nh2 Rh8 23. Ng4 Nh6 24. Ne3 Nf5 25. Nc4 g5 26. Ne2 b6 27. Nd2 Ng7 28. Ne4 Ne6 29. Nf6+ Bxf6 $1 30. exf6 Rg8 31. f3 Rg6 32. Bb2 Bd7 33. Nc1 c5 34. Be5 (34. Nd3 $14 Nd4 35. c3) 34... Kd8 (34... Nd4 $1 $11) 35. Nd3 $1 $14 Kc8 36. Bb2 {aiming for Ne5.} Be8 37. Re1 Rg8 38. Re4 Kd8 39. Kf2 Nf8 40. Ne5 Nh7 ({Black should try} 40... Ne6) 41. f4 Rh8 (41... gxf4 $16 42. Rxf4 Kc8) 42. Nf3 $18 gxf4 43. Rxf4 Nf8 44. Rxh4 Rxh4 45. Nxh4 $16 {[%mdl 4096] Endgame KBN-KBN} Bc6 46. Ke3 Kd7 47. g4 Ng6 48. Nxg6 fxg6 $18 {KB-KB} 49. Be5 b5 50. Bxc7 a4 51. Bb6 axb3 $2 (51... g5 52. f7 (52. Bxc5 Ke6 $18) 52... Ke7 53. Bd8+ (53. Bxc5+ Kxf7 54. Kf2 Be4 $16) 53... Kxf7 54. Bxg5 b4) 52. cxb3 g5 $2 (52... c4 53. bxc4 bxc4) 53. Bxc5 {f7 would kill now.White is clearly winning.} Ke6 54. Bd4 Bg2 {[#]} 55. h4 $1 gxh4 56. Kf4 Kf7 57. g5 h3 58. Kg3 Kg6 59. Be3 (59. a4 $142 bxa4 60. bxa4) 59... Kf7 60. Bd2 (60. a4 $142 bxa4 61. bxa4) 60... Kg6 61. a4 bxa4 62. bxa4 {[%cal Bb3a4,Ba4a5][%mdl 32]} Kf7 63. a5 Bf1 64. Bf4 Kg6 65. Kg4 Kf7 66. Kf5 Bd3+ {[#]} 67. Ke5 $1 {[%cal Re5d4]} Be2 68. Kd6 Bd3 69. Kc5 {Precision: White = 72%, Black = 35%.} 1-0

[Event "6th Sinquefield Cup GCT 2018"]
[Site "Saint Louis"]
[Date "2018.08.19"]
[Round "2"]
[White "Carlsen, Magnus"]
[Black "Karjakin, Sergey"]
[Result "1-0"]
[WhiteElo "2842"]
[BlackElo "2773"]
[Annotator "TA"]
[PlyCount "175"]
[EventDate "2018.08.18"]
[EventType "tourn"]
[EventCountry "USA"]
[SourceTitle "playchess.com"]
[Source "ChessBase"]
[SourceQuality "1"]

{[%evp 23,175,21,25,0,0,-3,0,0,17,14,19,0,0,0,0,0,0,0,4,0,0,0,18,13,29,29,26,16,27,27,29,5,24,20,35,22,35,0,0,0,13,6,18,0,15,12,21,16,16,13,38,0,0,0,10,8,14,14,18,17,19,19,31,26,35,17,25,17,82,70,69,25,25,25,25,19,24,24,25,25,43,47,52,25,25,25,56,36,57,42,118,118,107,60,160,33,62,29,34,19,61,51,51,53,72,9,92,0,0,0,0,0,0,0,0,0,0,0,0,0,0,0,0,0,0,0,0,0,0,0,0,0,495,472,1582,1737,1596,1655,1679,1421,1800,1743,1605,1257,2113,1850,2802,3511,2693,2464,1502,2445,3612,3154]} 1. c4 e6 2. Nc3 Bb4 3. g3 Nf6 4. Bg2 O-O 5. Nf3 d5 6. a3 Be7 7. d4 dxc4 8. Ne5 Nc6 {A17: English Opening: 1...Nf6 with ...Bb4} 9. Bxc6 bxc6 10. Nxc6 Qe8 11. Nxe7+ Qxe7 12. Qa4 c5 {LiveBook: 13 Games} 13. dxc5 $146 ({Predecessor:} 13. Qxc4 cxd4 14. Qxd4 e5 15. Qh4 Qe6 16. O-O {½-½ (51) Moiseenko,A (2648)-Karjakin,S (2774) Almaty 2016}) 13... Qxc5 14. Be3 Qc7 15. Rd1 Nd5 16. Bd4 Rd8 17. Nxd5 exd5 18. Qc2 Qe7 19. O-O Bh3 20. Rfe1 Rd7 21. Bc3 Re8 22. Rd4 Qg5 (22... h6 {with more complications.} 23. e4 Qd8 24. f3 dxe4 25. Rexe4 Rxd4 26. Bxd4 Re6) 23. Qd2 Qxd2 (23... Qd8 {seems wilder.} 24. Qf4 Be6 25. e4 dxe4 26. Rdxe4 Rd1) 24. Rxd2 Be6 25. Red1 Rde7 26. f3 h5 27. Kf2 f6 28. Rd4 Kh7 29. R1d2 Bf7 30. h3 a6 31. Rf4 Kg8 32. Bd4 Kh7 33. Bc3 Kg8 34. g4 hxg4 35. hxg4 Kh7 36. Rf5 Rb7 37. Rfxd5 Bxd5 38. Rxd5 $14 {[%mdl 4096] Endgame KRR-KRB} Kg6 39. Rc5 Rh8 40. Kg3 Rb6 41. Rxc4 Rh1 42. Rc7 Rc1 {With the idea ...Rxb2!} 43. Rd7 Rc6 44. a4 {[%cal Ba3a4,Ba4a5][%mdl 32]} Rg1+ 45. Kf2 Ra1 (45... Rh1 $11 {remains equal.}) 46. a5 $1 $16 Ra4 47. Kg3 Rac4 48. Ra7 Re6 49. e4 Rc8 50. Rd7 Rec6 51. f4 {[%cal Bf3f4,Bf4f5][%mdl 32]} R8c7 52. f5+ Kh7 53. Rd8 Rc8 54. Rd3 Re8 55. Rd4 Rc7 56. Kf4 Rce7 ({Black should play} 56... Rec8 $1 $14) 57. Rc4 Kh6 58. Kf3 {Strongly threatening e5!} Rd7 {[#]} (58... Rd8 $14) 59. Bd4 (59. e5 $1 $16 {[%mdl 512]}) 59... Kh7 $14 60. b4 Rd6 61. Ke3 Kh6 62. Rc1 {Threatening mate with Rh1+.} Kh7 $1 63. Bb6 Rd7 64. Bc5 (64. Rc6 $16) 64... Red8 (64... Kg8 $11) 65. Rh1+ ({Better is} 65. g5 $1 $16) 65... Kg8 $11 66. Kf4 Re8 67. Re1 g5+ 68. fxg6 Kg7 69. g5 {Threatens to win with Rh1.} Kxg6 70. gxf6 Kxf6 71. Rh1 Rf7 72. Ke3 {Rh6+ is the strong threat.} Ke6 73. Rh4 Rf6 74. Rh7 {aiming for Ra7.} Rf7 75. Rh5 Kd7 76. e5 {[%cal Be4e5,Be5e6,Be6e7][%mdl 32]} Rf1 77. Ke4 {And now Rh7+ would win.} Kc6 $2 {[%mdl 8192]} (77... Re1+ $11 {and Black is okay.} 78. Kd5 Rd1+ 79. Kc4 Rc1+ 80. Kd4 Rd1+ 81. Kc3 Re6) 78. Rh6+ $18 {White is clearly winning.} Kb5 {[#]} (78... Kc7 $142 79. Rxa6 Re1+ 80. Kf3 Kd7) 79. Rb6+ $1 Kc4 80. e6 Re1+ 81. Kf5 Rf1+ {[#]} 82. Ke5 $1 Re1+ 83. Kf6 Rf1+ 84. Kg7 Ra8 85. e7 Re1 86. Kf7 Re4 87. Rd6 Rh8 88. Rxa6 {Precision: White = 58%, Black = 47%.} 1-0

[Event "6th Sinquefield Cup GCT 2018"]
[Site "Saint Louis"]
[Date "2018.08.19"]
[Round "2"]
[White "Caruana, Fabiano"]
[Black "Aronian, Levon"]
[Result "1/2-1/2"]
[WhiteElo "2822"]
[BlackElo "2767"]
[Annotator "TA"]
[PlyCount "76"]
[EventDate "2018.08.18"]
[EventType "tourn"]
[EventCountry "USA"]
[SourceTitle "playchess.com"]
[Source "ChessBase"]
[SourceQuality "1"]

{[%evp 24,76,0,-14,0,0,0,0,0,-4,0,0,0,-3,-3,0,0,0,0,0,0,0,0,-15,-18,-24,-24,-20,12,12,14,12,13,10,27,11,14,10,9,8,12,8,8,5,13,10,11,2,4,8,8,0,8,0,7]} 1. d4 d5 2. c4 c6 3. Nf3 Nf6 4. Qb3 e6 5. g3 dxc4 6. Qxc4 b5 7. Qb3 Bb7 8. Bg2 a6 {D30: Queen's Gambit Declined: Systems without Nc3} 9. a4 c5 {[%cal Bc6c5,Bc5c4][%mdl 32]} 10. axb5 c4 11. Qd1 axb5 12. Rxa8 Bxa8 13. O-O {LiveBook: 7 Games} Be7 14. b3 cxb3 15. Qxb3 {[#]} b4 $146 16. Bb2 Nbd7 17. Nbd2 O-O 18. Ra1 Qb8 19. Ne1 Bxg2 20. Kxg2 Rc8 21. e4 h5 {[%cal Bh7h5,Bh5h4][%mdl 32]} 22. Nd3 h4 23. Rc1 Rxc1 24. Nxc1 Qb5 25. Qd3 Qxd3 (25... Qb7 {is interesting.} 26. Ncb3 Qc7 27. Nc1 Nb6 28. Qb3 Qb7) 26. Nxd3 hxg3 27. hxg3 Nb6 28. Kf3 Nfd7 29. Nb3 Nc4 {The position is equal.} 30. Bc1 e5 31. dxe5 Ncxe5+ 32. Nxe5 Nxe5+ $11 {[%mdl 4096] Endgame KBN-KBN} 33. Ke2 Kf8 34. f4 Ng4 35. Kf3 Nh2+ 36. Kg2 Ng4 37. Kf3 Nh2+ 38. Kg2 Ng4 {Precision: White = 59%, Black = 80%.} 1/2-1/2

[Event "6th Sinquefield Cup GCT 2018"]
[Site "Saint Louis"]
[Date "2018.08.19"]
[Round "2"]
[White "So, Wesley"]
[Black "Nakamura, Hikaru"]
[Result "1/2-1/2"]
[WhiteElo "2780"]
[BlackElo "2777"]
[Annotator "TA"]
[PlyCount "62"]
[EventDate "2018.08.18"]
[EventType "tourn"]
[EventCountry "USA"]
[SourceTitle "playchess.com"]
[Source "ChessBase"]
[SourceQuality "1"]

{[%evp 21,62,0,0,9,18,0,8,0,0,0,0,0,0,0,0,-9,0,0,0,0,0,0,0,0,0,0,0,0,0,0,0,0,0,-7,-8,-7,0,-2,0,-6,0,-8,0]} 1. c4 Nf6 2. Nc3 e6 3. d4 Bb4 4. Qc2 O-O 5. a3 Bxc3+ 6. Qxc3 d5 7. Bg5 dxc4 {E36: Nimzo-Indian: Classical: 4...d5 5 a3} 8. Qxc4 b6 9. Rd1 Ba6 10. Qc2 (10. Qa4 h6 11. Bh4 Qe7 12. Nf3 Rd8 13. e3 Bxf1 14. Rxf1 c5 15. dxc5 Rxd1+ 16. Qxd1 bxc5 {1-0 (43) Mamedyarov,S (2801)-Caruana,F (2822) Saint Louis 2018}) 10... Nbd7 11. e4 Bxf1 {LiveBook: 10 Games. The position is equal.} 12. Kxf1 {Strongly threatening e5.} Qc8 13. Ne2 {[#]} h6 $146 ({Predecessor:} 13... c5 14. f3 cxd4 15. Nxd4 Qxc2 16. Nxc2 {1-0 (60) Dreev,A (2649)-Bartel,M (2599) Plovdiv 2010}) 14. Bxf6 Nxf6 15. f3 Qb7 16. Rc1 c5 $1 17. dxc5 bxc5 18. Kf2 Rab8 19. Qxc5 Qxb2 20. Qxa7 Ra8 21. Qd4 Qxa3 22. Ra1 Qe7 23. Rxa8 Rxa8 24. Ra1 Rxa1 (24... Rc8 {looks sharper.} 25. Ra7 Rc7 26. Rxc7 Qxc7 27. g3 Nd7) 25. Qxa1 Qc5+ 26. Qd4 Qc7 27. h3 Nd7 28. Qc3 Qb6+ 29. Qd4 Qc7 30. Qc3 $1 {[%cal Rc3c7]} Qb6+ 31. Qd4 Qc7 {Precision: White = 76%, Black = 58%.} 1/2-1/2

[Event "6th Sinquefield Cup GCT 2018"]
[Site "Saint Louis"]
[Date "2018.08.19"]
[Round "2"]
[White "Anand, Viswanathan"]
[Black "Vachier-Lagrave, Maxime"]
[Result "1/2-1/2"]
[WhiteElo "2768"]
[BlackElo "2779"]
[Annotator "TA"]
[PlyCount "74"]
[EventDate "2018.08.18"]
[EventType "tourn"]
[EventCountry "USA"]
[SourceTitle "playchess.com"]
[Source "ChessBase"]
[SourceQuality "1"]

{[%evp 26,74,56,13,0,4,8,10,11,0,16,10,34,8,33,29,26,14,18,27,38,4,7,0,0,0,0,0,0,0,0,0,0,0,0,0,0,0,0,0,0,0,0,0,0,0,0,0,0,0,0]} 1. e4 c5 2. Nf3 d6 3. d4 cxd4 4. Nxd4 Nf6 5. Nc3 a6 6. Bg5 e6 7. f4 h6 8. Bh4 Qb6 9. a3 Be7 {B96: Sicilian Najdorf: 6 Bg5 e6 7 f4, lines other than 7...Qb6 and 7...Be7} 10. Bf2 Qc7 11. Qf3 Nbd7 {[%cal Bb8d7,Bd7c5,Bc5d3][%mdl 32]} 12. O-O-O b5 13. g4 Bb7 14. h4 {LiveBook: 7 Games. next g5 is good for White.} Nc5 {[%cal Rc5e4]} 15. Bd3 {[#]} Nxd3+ $146 ({Predecessor:} 15... d5 16. e5 Nfe4 17. Bxe4 Nxe4 {½-½ (51) Caruana,F (2822)-Vachier Lagrave,M (2779) Saint Louis 2018}) 16. Rxd3 d5 {[%cal Rd5e4]} 17. e5 Ne4 18. Be1 O-O-O 19. g5 hxg5 20. hxg5 Qb6 21. Nce2 Kb8 22. Qg2 g6 23. Rxh8 Rxh8 {The position is equal.} 24. Bb4 Bxb4 25. axb4 a5 26. Rh3 Rc8 27. Qh2 axb4 28. Rh8 Qa7 {[%cal Ra7a1] [#]} 29. Rxc8+ Kxc8 {[%cal Ra7a1]} 30. Kb1 Nd2+ 31. Kc1 Nf1 {[%cal Ra7a1]} 32. Qh8+ Kd7 {[%cal Ra7a1] [#]} 33. Kb1 Nd2+ 34. Kc1 Ne4 {[%cal Ra7a1]} 35. Kb1 Nd2+ 36. Kc1 Ne4 {[%cal Ra7a1]} 37. Kb1 Nd2+ {Precision: White = 46%, Black = 73%.} 1/2-1/2

[Event "6th Sinquefield Cup GCT 2018"]
[Site "Saint Louis"]
[Date "2018.08.19"]
[Round "2"]
[White "Grischuk, Alexander"]
[Black "Mamedyarov, Shakhriyar"]
[Result "1/2-1/2"]
[WhiteElo "2766"]
[BlackElo "2801"]
[Annotator "TA"]
[PlyCount "48"]
[EventDate "2018.08.18"]
[EventType "tourn"]
[EventCountry "USA"]
[SourceTitle "playchess.com"]
[Source "ChessBase"]
[SourceQuality "1"]

{[%evp 21,48,27,25,18,25,35,21,24,21,14,12,0,0,0,0,0,0,-56,0,0,0,0,0,0,0,0,0,0,0]} 1. e4 e6 2. d4 d5 3. Nc3 Bb4 4. e5 c5 5. a3 Ba5 6. b4 cxd4 7. Qg4 Kf8 {C18: French: 3 Nc3 Bb4: Main line: 7 h4 and 7 Qg4} 8. Nb5 Bb6 (8... Bc7 9. Qg3 Nc6 10. f4 a6 11. Nxc7 Qxc7 12. Bb2 Nge7 13. Bd3 Nf5 14. Qf2 Bd7 15. Nf3 {1-0 (29) Fedoseev,V (2724)-Mamedyarov,S (2809) Moscow 2018}) 9. Nf3 Nc6 10. Bb2 Nge7 11. Bd3 Ng6 {LiveBook: 7 Games} 12. Qg3 f6 {[%cal Rg6e5,Bf7f6,Bf6e5,Be5e4][%mdl 32]} 13. Bxg6 ({Reject} 13. Nbxd4 Ncxe5 14. Nxe5 Nxe5 $17) ({Much worse is} 13. exf6 gxf6 14. Nbxd4 (14. Nfxd4 Nce5 $15) 14... Nxd4 $15) 13... hxg6 14. Nbxd4 Nxe5 15. Nxe5 fxe5 {[#]} 16. Nf3 $146 e4 $1 {[%cal Re4f3]} 17. Ne5 Kg8 $1 18. Qxg6 {[#] And now Nf7 would win.} Qe7 19. Ng4 ({Better is} 19. c4 $11) 19... Bd7 (19... e5 $1 $15 20. Nxe5 Be6) 20. Nf6+ $1 $11 {The position is equal.} Kf8 21. Nh7+ Kg8 22. Nf6+ $1 Kf8 23. Nh7+ Kg8 24. Nf6+ $1 Kf8 1/2-1/2